| 000 | 00483 a2200181 4500 | ||
|---|---|---|---|
| 001 | 143983 | ||
| 040 | _cLeonardo Da Vinci | ||
| 041 | _aPortuguês | ||
| 082 |
_aAP510 M31m _bM31m |
||
| 100 |
_aLeitão, Jonas Duró _aTEIXEIRA, José Carlos _aEL JAMAL, Miguel |
||
| 245 | _aMatemática 3 | ||
| 250 | _aLT | ||
| 260 |
_bAnglo _c2002 _aSão Paulo |
||
| 300 | _a392 | ||
| 362 | _a20100322 | ||
| 697 |
_aNúmeros Complexos _aPolinômios _aEquações _aCircunferência _aLT |
||
| 942 | _cBK | ||
| 999 |
_c143983 _d143983 |
||